01449nam a22002657a 4500003000400000005001700004008004100021020001500062040000700077100002500084245009400109260005500203300001900258490002700277500005400304505054400358600003800902650002800940650002900968650002800997650002101025942003101046999001301077952009301090OSt20190222084429.0180309b xxu||||| |||| 00| 0 spa d a842590577X cPJ 9476aNegro, Dalmacio10aLiberalismo y socialismo :bla encrucijada intelectual de Stuart Mill / cDalmacio Negro. aMadrid :bInsituto de Estudios Políticos,c1975. a291 p.b22 cm. aEstudios de Economía aCitas y notas bibliográficas a pie de página. aContenido; Las dos escuelas filosóficas inglesas. Bentham: los principios de la revisión política racional. Coleridge: la política de las ideas trascendentales -- Los pensadores franceses y Stuart Mill . Augusto Comte: El moralismo político. Ciencia , política y liberalismo: Tocqueville y Mill. El problema de la ciencia Social . Comparación entre Stuart Mill y Tocqueville -- Mill y la democracia. Mill: La crisis de la critica y la cosificación de las ideas. Mill y el liberalismo social: el triunfo del conservadorismo. 09477aMILL, JOHN STUART, 1806-1873 09348aCIENCIAS POLITICAS 09394aDOCTRINAS POLITICAS 09300aECONOMIA POLITICA  09390aLIBERALISMO 2udccLIBh329.12/.14 iNEG c406d406 00102udc4070aDJSbDJSd2018-05-04o329.12/.14 NEGp2326r2018-05-04w2018-05-04yLIB